000 00400nam a22001697a 4500
005 20160614150135.0
008 160614b xxu||||| |||| 00| 0 eng d
020 _a0-7494-4333-2
041 _aeng
082 _b7493
100 _aAlsop, Ronald J.
_91906
245 _aCarporate Reputation
260 _bKogen Pege India (p) ltd
_c2004
300 _a286
650 _aManagement
_9241
942 _cBK
999 _c2681
_d2680